LEADER 01313nam2-2200397li-450 001 990000203880203316 005 20180312154816.0 010 $a3-540-57648-7 035 $a0020388 035 $aUSA010020388 035 $a(ALEPH)000020388USA01 035 $a0020388 100 $a20001109d1994----km-y0itay0103----ba 101 0 $aeng 102 $aGW 200 1 $a<> extendel entity-relationship model$efundamentals and pragmatics$fMartin Gogolla 210 $aBerlin [etc.]$cSpringer-Verlag$dcopyr. 1994 215 $aX, 136 p.$cill.$d24 cm 225 2 $aLecture notes in computer science$v767 410 0$10010020264$12001$aLecture notes in computer science 610 1 $aarchivi di dati 610 1 $alinguaggi di programmazione 676 $a00574$9Archivi di dati e basi di dati 700 1$aGogolla,$bMartin$0753673 801 $aSistema bibliotecario di Ateneo dell' Università di Salerno$gRICA 912 $a990000203880203316 951 $a001 LNCS (767)$b0015932$c001$d00103074 959 $aBK 969 $aSCI 979 $c19941202 979 $c20001110$lUSA01$h1714 979 $aALANDI$b90$c20010130$lUSA01$h1031 979 $c20020403$lUSA01$h1628 979 $aPATRY$b90$c20040406$lUSA01$h1615 996 $aExtendel entity-relationship model$91516213 997 $aUNISA LEADER 03958nam 2200661Ia 450 001 9910465517403321 005 20200520144314.0 010 $a1-280-58060-7 010 $a9786613610386 010 $a0-300-16320-7 024 7 $a10.12987/9780300163209 035 $a(CKB)2560000000082653 035 $a(OCoLC)794670865 035 $a(CaPaEBR)ebrary10570991 035 $a(SSID)ssj0000686016 035 $a(PQKBManifestationID)11930687 035 $a(PQKBTitleCode)TC0000686016 035 $a(PQKBWorkID)10731962 035 $a(PQKB)11026029 035 $a(MiAaPQ)EBC3420865 035 $a(DE-B1597)486040 035 $a(DE-B1597)9780300163209 035 $a(Au-PeEL)EBL3420865 035 $a(CaPaEBR)ebr10570991 035 $a(CaONFJC)MIL361038 035 $a(OCoLC)923598477 035 $a(EXLCZ)992560000000082653 100 $a20111109d2012 uy 0 101 0 $aeng 135 $aurcn||||||||| 181 $ctxt 182 $cc 183 $acr 200 14$aThe Communist manifesto$b[electronic resource] /$fKarl Marx and Friedrich Engels ; edited and with an introduction by Jeffrey C. Isaac ; with essays by Steven Lukes ... [et al.] 210 $aNew Haven $cYale University Press$dc2012 215 $a1 online resource (229 p.) 225 1 $aRethinking the Western tradition 300 $aBibliographic Level Mode of Issuance: Monograph 311 $a0-300-12301-9 320 $aIncludes bibliographical references and index. 327 $tFrontmatter -- $tContents -- $tAcknowledgments -- $tIntroduction: Rethinking the Communist Manifesto -- $tA Note on the Texts -- $tPreliminary Drafts of the Communist Manifesto -- $tDraft of a Communist Confession of Faith (1847) -- $t''Principles Of Communism'' (1847) -- $tThe Text of the Communist Manifesto Karl Marx and Friedrich Engels, the Communist Manifesto -- $tAppendix: Prefaces to Various Language Editions -- $tPreface to the German Edition of 1872 -- $tPreface to the Russian Edition of 1882 -- $tPreface to the German Edition of 1883 -- $tPreface to the English Edition of 1888 -- $tPreface to the German Edition of 1890 -- $tPreface to the Polish Edition of 1892 -- $tPreface to the Italian Edition of 1893 -- $tThe Morals of the Manifesto -- $tThe Communist Manifesto: Between Past and Present -- $tReflections on the Fate of Marxism in Eastern Europe: Fulfillment or Bastardization? -- $tMarxism and Globalization: Revisiting the Political in the Communist Manifesto -- $tIndex -- $tRethinking the Western Tradition 330 $aMarx and Engels's Communist Manifesto has become one of the world's most influential political tracts since its original 1848 publication. Part of the Rethinking the Western Tradition series, this edition of the Manifesto features an extensive introduction by Jeffrey C. Isaac, and essays by Vladimir Tismaneanu, Steven Lukes, Saskia Sassen, and Stephen Eric Bronner, each well known for their writing on questions central to the Manifesto and the history of Marxism. These essays address the Manifesto's historical background, its impact on the development of twentieth-century Communism, its strengths and weaknesses as a form of ethical critique, and its relevance in the post-1989, post-Cold War world. This edition also includes much ancillary material, including the many Prefaces published in the lifetimes of Marx and Engels, and Engels's "Principles of Communism." 410 0$aRethinking the Western tradition. 606 $aCommunism 608 $aElectronic books. 615 0$aCommunism. 676 $a335.4/22 700 $aMarx$b Karl$f1818-1883.$032587 701 $aEngels$b Friedrich$f1820-1895.$036926 701 $aIsaac$b Jeffrey C.$f1957-$01032852 701 $aLukes$b Steven$0156548 801 0$bMiAaPQ 801 1$bMiAaPQ 801 2$bMiAaPQ 906 $aBOOK 912 $a9910465517403321 996 $aThe Communist manifesto$92450959 997 $aUNINA LEADER 06175nam 2200685 450 001 9910263846903321 005 20190723020930.0 010 $a3-11-040085-5 010 $a3-11-040081-2 024 7 $a10.1515/9783110400816 035 $a(CKB)3710000000393017 035 $a(EBL)1787196 035 $a(SSID)ssj0001458812 035 $a(PQKBManifestationID)11785333 035 $a(PQKBTitleCode)TC0001458812 035 $a(PQKBWorkID)11456324 035 $a(PQKB)11659393 035 $a(DE-B1597)443575 035 $a(OCoLC)908519426 035 $a(OCoLC)979637472 035 $a(DE-B1597)9783110400816 035 $a(MiAaPQ)EBC1787196 035 $a(EXLCZ)993710000000393017 100 $a20150511h20152015 uy 0 101 0 $ager 135 $aur|n|---||||| 181 $ctxt 182 $cc 183 $acr 200 10$aGeistliches erza?hlen $eZur deutschsprachigen religio?sen Kleinepik des Mittelalters /$fNicole Eichenberger 210 1$aBerlin, [Germany] ;$aMunich, [Germany] ;$aBoston, [Massachusetts] :$cWalter de Gruyter GmbH,$d2015. 210 4$d©2015 215 $a1 online resource (660 p.) 225 0 $aHermaea. Germanistische Forschungen, Neue Folge,$x0440-7164 ;$vBand 136 300 $aDescription based upon print version of record. 311 $a3-11-040042-1 320 $aIncludes bibliographical references and index. 327 $t Frontmatter -- $tVorwort -- $tInhalt -- $tEinleitung -- $tI Methodische Grundlagen -- $t1 Kleinepikforschung -- $t2 Texttypologie -- $tII Der Texttyp im literarischen Umfeld -- $t1 Geistliche Thematik -- $t2 Narration -- $t3 Metrische Form -- $t4 Umfang -- $tIII Entstehung und Etablierung des Texttyps bis ca. 1300 -- $t1 Der literarische und kulturelle Referenzrahmen -- $t2 Geistliche Erzählstoffe in lateinischen Exempelsammlungen und volkssprachigen Verserzählungen -- $t3 Frühe Formen geistlichen Erzählens in der Volkssprache -- $t4 Geistliches Erzählen zur Zeit der Etablierung des Texttyps: Konzeptionelle und ästhetische Integrationsmodelle -- $tIV Konsolidierung des Texttyps in der Überlieferung und diachroner Wandel im 14./15. Jahrhundert -- $t1 Die Kleinepiksammlung als zentraler Handschriftentyp für die Überlieferung geistlicher Verserzählungen -- $t2 Stoffverwandte Erzählungen als Indikatoren für den diachronen Wandel des Texttyps -- $t3 Zusammenfassung -- $tV Überlieferungskontexte 1: Das Beispiel des ?Königs im Bad? -- $t1 ?Der König im Bad? in seinem literarischen Referenzrahmen -- $t2 Die Überlieferung eines ?Bestsellers? -- $t3 Ein Vergleichsbeispiel: Schondochs ?Königin von Frankreich? -- $t4 Zusammenfassung -- $tVI Überlieferungskontexte 2: Das Beispiel des ?Zwölfjährigen Mönchleins? -- $t1 Das ?Zwölfjährige Mönchlein? in seinem literarischen Referenzrahmen -- $t2 Ein Vergleichsbeispiel: ?Die Sultanstochter im Blumengarten? -- $t3 Ein weiteres Vergleichsbeispiel: ?Der Ritter in der Kapelle? -- $t4 Zusammenfassung -- $tVII Überlieferungskontexte 3: Das Beispiel der ?Zwei Sankt Johannsen? Heinzelins von Konstanz -- $t1 Heinzelins ?Zwei Sankt Johannsen? in ihrem literarischen und kulturellen Referenzrahmen -- $t2 Vergleichsbeispiele: ?Die Vorauer Novelle? und ?Der Zweifler? -- $t3 Geistliche Erzählungen im Umfeld von juristischen Texten -- $t4 Geistliches Erzählen in einem klerikal-gelehrten Umfeld im 15. Jahrhundert -- $t5 Zusammenfassung -- $tVIII Späte Ausläufer des Texttyps (15./16. Jahrhundert) -- $t1 ?Ritter Gottfried? als typischer Vertreter der späten Phase -- $t2 Ein Vergleichsbeispiel: Hans Folz' ?Der Pfarrer im Ätna? -- $t3 Ein weiteres Vergleichsbeispiel: ?Bruder Rausch? -- $t4 Zusammenfassung -- $tIX Peripherie des Texttyps: Alternative Formen -- $t1 Geistliches Erzählen in Prosa -- $t2 Geistliches Erzählen in Meisterliedern -- $t3 Geistliches Erzählen im Drama -- $t4 Einbettung in Großtexte -- $t5 Zwischen Text und Bild -- $t6 Zusammenfassung -- $tSchluss -- $tLiteraturverzeichnis und editorische Hinweise -- $tRegister -- $tAbbildungen 330 $aDie Untersuchung befasst sich mit dem bisher in der Forschung wenig beachteten Texttyp der geistlichen Verserzählungen. Im Zentrum dieser kurzen Texte steht meist das Eingreifen der Transzendenz ins Leben der menschlichen Figuren. Durch ihre Thematik und ihre literarische Faktur ermöglichen die Texte sowohl Einblicke in die mittelalterliche religiöse Vorstellungswelt als auch in die verschiedenen erzähltechnischen und konzeptionellen Möglichkeiten, in der Volkssprache religiöse Inhalte zu bearbeiten. Das Ziel der vorliegenden Untersuchung ist es, die Gruppe der geistlichen Verserzählungen als Texttyp zu beschreiben, wobei eine offene texttypologische Konzeption und ein multiperspektivisches Beschreibungsmodell dem Facettenreichtum des literarischen Phänomens gerecht zu werden suchen. Die handschriftliche Überlieferung der Texte bildet dabei einen Schwerpunkt. Zahlreiche detaillierte Fallstudien leisten eine systematisch angelegte Aufarbeitung des Texttyps und stellen grundlegende Informationen bereit. Die darüber hinausgehenden texttypologischen, literatursystematischen und literaturhistorischen Ergebnisse der Untersuchung sind auch für andere Fragestellungen anschlussfähig. 410 0$aHermaea. 606 $aReligious poetry, German$xHistory and criticism 606 $aEpic poetry, German$xHistory and criticism 606 $aGerman poetry$yMiddle High German, 1050-1500$xHistory and criticism 610 $aMiddle High German literature. 610 $aclassification of texts. 610 $areligious literature. 610 $ashort epic. 615 0$aReligious poetry, German$xHistory and criticism. 615 0$aEpic poetry, German$xHistory and criticism. 615 0$aGerman poetry$xHistory and criticism. 676 $a831/.0320902 686 $aGF 6520$2rvk 700 $aEichenberger$b Nicole$0868185 801 0$bMiAaPQ 801 1$bMiAaPQ 801 2$bMiAaPQ 906 $aBOOK 912 $a9910263846903321 996 $aGeistliches erza?hlen$91938080 997 $aUNINA